[Event "AUTO-ADV-3756"]
[Site "http://www.queenalice.com/game.php?id=1457119"]
[Date "2016.12.30"]
[Round "1"]
[White "Legionnaire"]
[Black "edgarchiroleo"]
[Result "1-0"]
[WhiteElo "2004"]
[BlackElo "1773"]

1. e4 e5 2. Nf3 Nc6 3. Bb5 a6 4. Bxc6 bxc6 5. O-O Bb7 6. Nc3 c5 7. Re1 Nf6 8. d3
d5 9. exd5 Nxd5 10. Rxe5+ Be7 11. Bg5 f6 12. Bxf6 Nxf6 13. Qe2 O-O 14. Rxe7 Re8
15. Rxe8+ Qxe8 16. Qxe8+ Rxe8 17. Nd2 Nd7 18. f3 Nb8 19. Kf2 Nc6 20. Nce4 Nd4
21. c3 Ne6 22. Re1 Bxe4 23. Rxe4 Kf8 24. Nb3 Kf7 25. d4 cxd4 26. Nxd4 Nc5 27.
Rxe8 Kxe8 28. b4 Nd3+ 29. Ke3 Nc1 30. a3 Na2 31. Kd2 Kd7 32. Kc2 Kd6 33. Kb2
Nxb4 34. axb4 Kd5 35. Kb3 c5 36. bxc5 Kxc5 37. Ne6+ Kb5 38. Nxg7 a5 39. f4 a4+
40. Ka3 Kc4 41. f5 Kd5 42. Kxa4 Ke5 43. g4 1-0

[Event "AUTO-ADV-3756"]
[Site "http://www.queenalice.com/game.php?id=1457120"]
[Date "2016.12.30"]
[Round "1"]
[White "edgarchiroleo"]
[Black "Legionnaire"]
[Result "0-1"]
[WhiteElo "1756"]
[BlackElo "1909"]

1. e4 e5 2. c3 Nc6 3. Bc4 d6 4. Nf3 Bg4 5. d3 Nf6 6. h3 Bh5 7. Bg5 Be7 8. Bxf6
Bxf6 9. Nbd2 O-O 10. Bd5 Rb8 11. Bxc6 bxc6 12. b4 Bg5 13. g4 Bg6 14. Nxg5 Qxg5
15. Nf3 Qe7 16. Qa4 Qf6 17. Ke2 Qe6 18. Qxc6 Qe7 19. Rhe1 f6 20. Kf1 Bf7 21. d4
Rb6 22. Qa4 a6 23. dxe5 Bc4+ 24. Kg1 fxe5 25. Nd2 Bb5 26. Qb3+ Kh8 27. c4 Bd7
28. a4 Qh4 29. Rf1 Rf6 30. c5 dxc5 31. Qd5 Be8 32. Qd8 Rbe6 33. Kg2 Qh6 34. Nf3
Qf4 35. Nd2 Rf8 36. bxc5 Bc6 37. Qd3 Re7 38. f3 Rd7 39. Qc3 Rxd2+ 40. Rf2 Rfd8
41. Ra2 Rxf2+ 42. Rxf2 Bxa4 43. Qa5 Bb5 44. Qxc7 Qf6 45. f4 Re8 46. fxe5 Qc6 47.
Qf7 Qxe4+ 48. Qf3 Qxf3+ 49. Rxf3 Bc6 50. Kg3 Bxf3 51. Kxf3 Rxe5 0-1

[Event "AUTO-ADV-3756"]
[Site "http://www.queenalice.com/game.php?id=1457127"]
[Date "2016.12.30"]
[Round "1"]
[White "edgarchiroleo"]
[Black "The_Clown"]
[Result "1/2-1/2"]
[WhiteElo "1766"]
[BlackElo "1720"]

1. e4 e5 2. c3 Nf6 3. Bc4 d5 4. exd5 Nxd5 5. Qf3 c6 6. d4 f6 7. dxe5 fxe5 8.
Qh5+ g6 9. Qxe5+ Qe7 10. Qxe7+ Bxe7 11. Bxd5 cxd5 12. Nf3 h6 13. O-O Bg4 14. Ne5
Bf5 15. Nd2 Nc6 16. Nxc6 bxc6 17. Re1 h5 18. Nf3 Be4 19. Ng5 Bxg5 20. Bxg5 O-O
21. f3 Bf5 22. Re7 a5 23. Rae1 a4 24. Bh6 Rf7 25. Rxf7 Kxf7 26. Bg5 Re8 27. Rxe8
Kxe8 28. Kf2 Bb1 29. a3 Kf7 30. Ke3 Ke6 31. Kd4 Kd6 32. g4 hxg4 33. fxg4 Bc2 34.
h4 Bd1 35. h5 gxh5 36. gxh5 Bxh5 37. Bf4+ Kd7 38. Kc5 Bd1 39. Kb4 Kc8 40. Kc5
Kd7 41. c4 Bb3 42. cxd5 cxd5 43. Bh2 Ke6 44. Kd4 Kf5 45. Bg1 Kf4 46. Kd3 Ke5 47.
Kc3 Ke4 48. Bd4 Kf3 49. Kd3 Kf4 50. Be3+ Ke5 51. Bd4+ Kd6 52. Kc3 Kc6 53. Kd3
Kb5 54. Kc3 Ka5 55. Bc5 Kb5 56. Bd4 1/2-1/2

[Event "AUTO-ADV-3756"]
[Site "http://www.queenalice.com/game.php?id=1457128"]
[Date "2016.12.30"]
[Round "1"]
[White "The_Clown"]
[Black "edgarchiroleo"]
[Result "0-1"]
[WhiteElo "1663"]
[BlackElo "1772"]

1. d4 d5 2. c4 e6 3. cxd5 Qxd5 4. Nc3 Bb4 5. Bd2 Bxc3 6. Bxc3 Nc6 7. Nf3 Nge7 8.
e3 e5 9. Be2 e4 10. Nd2 Bf5 11. Qc2 O-O-O 12. O-O-O Qxa2 13. Bb5 a6 14. Bxc6
Nxc6 15. Nb3 Be6 16. Qb1 Qxb3 17. f3 exf3 18. gxf3 Rd7 19. e4 Nb4 20. d5 Rhd8
21. Bxg7 Bxd5 22. Bf6 Qc4+ 23. Bc3 Na2+ 24. Qxa2 Qxa2 25. exd5 Rxd5 26. Rxd5
Rxd5 27. Kc2 Qa4+ 28. b3 Qa2+ 29. Kc1 Qxb3 30. Bd2 Rc5+ 31. Bc3 Rxc3+ 32. Kd2
Qb2+ 0-1

[Event "AUTO-ADV-3832"]
[Site "http://www.queenalice.com/game.php?id=1477724"]
[Date "2017.5.12"]
[Round "1"]
[White "fabricioprado"]
[Black "edgarchiroleo"]
[Result "1-0"]
[WhiteElo "1824"]
[BlackElo "1746"]

1. d4 d5 2. c4 e5 3. dxe5 d4 4. Nf3 Nc6 5. g3 Bg4 6. Bg2 f6 7. exf6 Nxf6 8. O-O
Qe7 9. Bg5 O-O-O 10. h3 h6 11. Bxf6 Qxf6 12. hxg4 d3 13. exd3 Qxb2 14. Nbd2 Rxd3
15. Ne1 Rxd2 16. Qb1 Qxb1 17. Rxb1 Rxa2 18. Nd3 b6 19. Bxc6 Bd6 20. c5 bxc5 21.
Bb7+ Kd8 22. Bd5 Rd2 23. Rb8+ Ke7 24. Rxh8 Rxd3 25. Re1+ Kf6 26. Bc6 c4 27. Rhe8
c3 28. R8e6+ 1-0

[Event "AUTO-ADV-3832"]
[Site "http://www.queenalice.com/game.php?id=1477725"]
[Date "2017.5.12"]
[Round "1"]
[White "edgarchiroleo"]
[Black "fabricioprado"]
[Result "1-0"]
[WhiteElo "1733"]
[BlackElo "1855"]

1. e4 e5 2. Nc3 Nf6 3. Nf3 d6 4. Bc4 h6 5. d4 exd4 6. Nxd4 Be7 7. Nf3 O-O 8. Nd5
c6 9. Nxe7+ Qxe7 10. Qd3 Nbd7 11. O-O b5 12. Bb3 Bb7 13. Bf4 Nc5 14. Bxd6 Nxd3
15. Bxe7 Rfe8 16. Bxf6 gxf6 17. cxd3 a5 18. Rfe1 a4 19. Bc2 Kg7 20. Nh4 c5 21.
a3 Rg8 22. g3 Kh7 23. e5 fxe5 24. Rxe5 Rac8 25. Rae1 Kg7 26. Re7 Bc6 27. Nf5+
Kg6 28. Nd6 Rcf8 29. d4+ Kg7 30. R1e6 1-0

[Event "AUTO-ADV-3832"]
[Site "http://www.queenalice.com/game.php?id=1477738"]
[Date "2017.5.12"]
[Round "1"]
[White "Mikalus"]
[Black "edgarchiroleo"]
[Result "1-0"]
[WhiteElo "1925"]
[BlackElo "1754"]

1. e4 e5 2. Nf3 Nc6 3. Bc4 h6 4. c3 Nf6 5. Qe2 a6 6. d4 b5 7. Bb3 d5 8. exd5
Nxd5 9. O-O Bg4 10. h3 Nf4 11. Qd1 e4 12. hxg4 exf3 13. Bxf4 fxg2 14. Re1+ Be7
15. Qf3 Qd7 16. Bd5 Nxd4 17. cxd4 O-O 18. Bxa8 Bh4 19. Be4 Qxd4 20. Nc3 Re8 21.
Bh7+ Kf8 22. Be3 Qd3 23. Bc5+ 1-0

[Event "AUTO-ADV-3832"]
[Site "http://www.queenalice.com/game.php?id=1477739"]
[Date "2017.5.12"]
[Round "1"]
[White "edgarchiroleo"]
[Black "Mikalus"]
[Result "1-0"]
[WhiteElo "1745"]
[BlackElo "1901"]

1. e4 c5 2. d4 cxd4 3. Qxd4 Nc6 4. Qa4 e5 5. Nf3 Nf6 6. Bg5 Be7 7. Nc3 O-O 8.
Bxf6 Bxf6 9. O-O-O d6 10. Bb5 Ne7 11. Rd2 a6 12. Bc4 Bd7 13. Qb4 b5 14. Qxd6 Ra7
15. Bb3 Nc8 16. Qc5 Rc7 17. Qb4 Ra7 18. Rhd1 Be7 19. Rd6 Bxd6 20. Rxd6 Qg5+ 21.
Kb1 Qxg2 22. Nxe5 Nxd6 23. Qxd6 Bg4 24. a3 Bh5 25. Nd7 Qxf2 26. Qxf8# 1-0

[Event "AUTO-ADV-3832"]
[Site "http://www.queenalice.com/game.php?id=1477748"]
[Date "2017.5.12"]
[Round "1"]
[White "edgarchiroleo"]
[Black "ebpap123"]
[Result "1-0"]
[WhiteElo "1767"]
[BlackElo "1919"]

1. e4 c5 2. Nf3 e6 3. d4 cxd4 4. Nxd4 Nc6 5. Nxc6 dxc6 6. Qxd8+ Kxd8 7. Bf4 Ne7
8. Nc3 Ng6 9. g3 Nxf4 10. gxf4 Bb4 11. O-O-O+ Ke7 12. Na4 b5 13. Nc3 Bxc3 14.
bxc3 Bb7 15. Bg2 Rhd8 16. f5 exf5 17. exf5 Rxd1+ 18. Rxd1 Rd8 19. Re1+ Kd7 20.
Kb2 Re8 21. Rxe8 Kxe8 22. Be4 Kd7 23. Kb3 a5 24. a4 Ba6 25. axb5 cxb5 26. Bd5 f6
27. c4 bxc4+ 28. Bxc4 Bxc4+ 29. Kxc4 Kd6 30. Kb5 Ke5 31. c4 a4 32. Kxa4 Kd6 33.
Kb5 Kc7 34. Kc5 Kd7 35. Kd5 Ke7 36. c5 Kd7 37. h4 g6 38. fxg6 hxg6 39. f4 f5 40.
c6+ Kc7 41. Ke6 1-0

[Event "AUTO-ADV-3832"]
[Site "http://www.queenalice.com/game.php?id=1477749"]
[Date "2017.5.12"]
[Round "1"]
[White "ebpap123"]
[Black "edgarchiroleo"]
[Result "1-0"]
[WhiteElo "1897"]
[BlackElo "1789"]

1. e4 e5 2. Nf3 Nc6 3. Bb5 Nge7 4. c3 a6 5. Ba4 b5 6. Bc2 d5 7. exd5 Qxd5 8. h3
Bf5 9. Bxf5 Nxf5 10. d3 e4 11. dxe4 Qxe4+ 12. Qe2 Qxe2+ 13. Kxe2 Bc5 14. Nbd2
O-O 15. Re1 Rfe8+ 16. Kf1 Rxe1+ 17. Kxe1 Re8+ 18. Kf1 b4 19. cxb4 Nxb4 20. Nb3
Nc2 21. Rb1 Nh4 22. Bf4 Nxf3 23. gxf3 f6 24. Nxc5 c6 25. Rc1 Nd4 26. Rc3 Ne2 27.
Rc4 g5 28. Be3 Nf4 29. Bxf4 gxf4 30. Rxf4 a5 31. Rxf6 Rb8 32. b3 Rb5 33. Rxc6
Kg7 34. Ke2 Rb4 35. Ne4 Rd4 36. Ra6 Rd5 37. Rd6 Re5 38. Kf1 Kf7 39. Rc6 h5 40.
Rc5 Rxc5 41. Nxc5 1-0

[Event "AUTO-ADV-3854"]
[Site "http://www.queenalice.com/game.php?id=1482421"]
[Date "2017.6.15"]
[Round "1"]
[White "maurice91"]
[Black "edgarchiroleo"]
[Result "1-0"]
[WhiteElo "1828"]
[BlackElo "1796"]

1. d4 d5 2. Nf3 Nc6 3. c4 Bg4 4. e3 Nf6 5. Nc3 e6 6. cxd5 exd5 7. Be2 Bb4 8. O-O
Bxc3 9. bxc3 Ne4 10. Bb2 O-O 11. a4 Qd6 12. Ba3 Nxc3 13. Bxd6 Nxd1 14. Bxf8 Nc3
15. Bd3 Rxf8 16. Ne5 Nxe5 17. dxe5 Re8 18. f4 f6 19. Rac1 Ne2+ 20. Bxe2 Bxe2 21.
Rfe1 Bd3 22. exf6 gxf6 23. Rxc7 Rb8 24. Rec1 Bc4 25. e4 a6 26. exd5 Bxd5 27.
Rc8+ Rxc8 28. Rxc8+ Kg7 29. Rc7+ Kg6 30. a5 Bc6 31. Re7 h5 32. g3 Kf5 33. Kf2
Kg4 34. Rh7 Be4 35. Rh6 b5 36. axb6 f5 37. Re6 a5 38. Rxe4 1-0

[Event "AUTO-ADV-3854"]
[Site "http://www.queenalice.com/game.php?id=1482422"]
[Date "2017.6.15"]
[Round "1"]
[White "edgarchiroleo"]
[Black "maurice91"]
[Result "1-0"]
[WhiteElo "1777"]
[BlackElo "1847"]

1. e4 c6 2. Nc3 e5 3. Nf3 d6 4. d4 Bg4 5. Be2 Be7 6. h3 Bxf3 7. Bxf3 Bf6 8. Qd3
exd4 9. Ne2 c5 10. Qb5+ Qd7 11. Qc4 b5 12. Qd5 Nc6 13. e5 Nge7 14. e6 Nxd5 15.
exd7+ Kxd7 16. Bxd5 Nd8 17. Bxa8 Ne6 18. Bd5 Nd8 19. Bf4 g5 20. Bg3 Re8 21. Bf3
c4 22. O-O d3 23. cxd3 cxd3 24. Nc3 b4 25. Nd5 Bxb2 26. Rad1 Nc6 27. Rxd3 a5 28.
Nb6+ Kc7 29. Rxd6 Kxb6 30. Rxc6+ Kb5 31. Rd6 f6 32. Bc6+ Kc5 33. Bxe8 1-0

[Event "AUTO-ADV-3854"]
[Site "http://www.queenalice.com/game.php?id=1482435"]
[Date "2017.6.15"]
[Round "1"]
[White "Kingkila"]
[Black "edgarchiroleo"]
[Result "1-0"]
[WhiteElo "1956"]
[BlackElo "1747"]

1. e4 e5 2. Nf3 Nc6 3. Bc4 h6 4. d4 exd4 5. Nxd4 Ne5 6. Qe2 Bc5 7. Be3 d6 8. Nd2
Qf6 9. O-O-O Be6 10. Nb5 Rc8 11. Bxe6 Qxe6 12. Kb1 Bxe3 13. Qxe3 a6 14. Nd4 Qg6
15. Rhg1 Nf6 16. h3 d5 17. f4 Nc4 18. Nxc4 dxc4 19. Nf5 Nd7 20. Qa7 b5 21. Qb7
Nb6 22. Qxa6 Qc6 23. Nxg7+ Kf8 24. Nf5 Qxe4 25. Qa3+ Kg8 26. Ne7+ Kh7 27. Nxc8
Rxc8 28. Rde1 Qf5 29. g4 Qg6 30. Qe7 Nd5 31. Qd7 Nb6 32. Qxb5 c3 33. Re3 cxb2
34. Kxb2 Qf6+ 35. c3 Rb8 36. Kc2 Ra8 37. Kb3 Nd5 38. Qxd5 Qb6+ 39. Kc2 Qxe3 40.
Qxa8 Qxg1 41. Qe4+ Kg8 42. a4 Qf2+ 43. Kb3 Qb6+ 44. Ka2 Qf2+ 45. Ka3 Qc5+ 46.
Qb4 Qe3 47. a5 Qc1+ 48. Ka4 Qa1+ 49. Kb5 Qf1+ 50. Kc6 Qa6+ 51. Kxc7 Qa7+ 52. Kc6
Qa6+ 53. Kc5 Qc8+ 54. Kb5 Qd7+ 55. Kc5 Qc7+ 56. Kd5 Qd7+ 57. Ke4 Qe6+ 58. Kd3
Qd5+ 59. Kc2 Qa2+ 60. Kd3 Qd5+ 61. Ke3 Qe6+ 62. Qe4 Qc8 63. Qd4 Qe6+ 64. Qe4 Qc8
65. Qe5 Qb7 66. Kf2 Qb2+ 67. Kg3 Qa1 68. Kh4 Qa2 69. Qc5 Qd2 70. Qd4 Qe1+ 71.
Kh5 Qg3 72. h4 Qf3 73. Qf6 Qd5+ 74. Kxh6 Kf8 75. a6 Qf3 76. Qd6+ Ke8 77. Qb8+
Ke7 78. a7 Qc6+ 79. Kh7 Qe4+ 80. f5 Qxg4 81. Qe5+ Kd7 82. Qf6 Qh5+ 83. Kg7 Qg4+
84. Kf8 1-0

[Event "AUTO-ADV-3854"]
[Site "http://www.queenalice.com/game.php?id=1482436"]
[Date "2017.6.15"]
[Round "1"]
[White "edgarchiroleo"]
[Black "Kingkila"]
[Result "0-1"]
[WhiteElo "1762"]
[BlackElo "1937"]

1. e4 e5 2. Nf3 d6 3. d4 Bg4 4. dxe5 Bxf3 5. Qxf3 dxe5 6. Bc4 Qf6 7. Qxf6 Nxf6
8. f3 Bc5 9. Bg5 Nbd7 10. Nc3 c6 11. O-O-O b5 12. Bxf6 Nxf6 13. a3 bxc4 14. Rd2
Be3 15. Rd1 O-O 16. Kb1 Bxd2 17. Rxd2 Rad8 18. Re2 Rd4 19. g4 Rfd8 20. Re1 g5
21. Ka2 Rd2 22. Rh1 Rxc2 23. h4 Rdd2 24. hxg5 Rxb2+ 25. Ka1 Ne8 26. Rd1 Rf2 27.
Nb1 Ra2# 0-1

[Event "AUTO-ADV-3854"]
[Site "http://www.queenalice.com/game.php?id=1482446"]
[Date "2017.6.15"]
[Round "1"]
[White "BOTAFOGONISSO"]
[Black "edgarchiroleo"]
[Result "0-1"]
[WhiteElo "1786"]
[BlackElo "1729"]

1. e4 e5 2. Nf3 Nc6 3. Bb5 d5 4. Nxe5 Bd7 5. exd5 Nxe5 6. Bxd7+ Qxd7 7. Nc3 Nf6
8. h3 Nxd5 9. Qe2 f6 10. d4 Nxc3 11. bxc3 O-O-O 12. dxe5 Re8 13. Bf4 Bd6 14.
O-O-O Ba3+ 15. Kb1 Qc6 16. Qe3 Qb5+ 0-1

[Event "AUTO-ADV-3858"]
[Site "http://www.queenalice.com/game.php?id=1483650"]
[Date "2017.6.24"]
[Round "1"]
[White "edgarchiroleo"]
[Black "thw"]
[Result "1-0"]
[WhiteElo "1743"]
[BlackElo "1876"]

1. e4 c5 2. Nc3 g6 3. d4 e6 4. d5 Bg7 5. Bd2 exd5 6. exd5 Nf6 7. Qe2+ Qe7 8.
Qxe7+ Kxe7 9. O-O-O Re8 10. Bg5 Kf8 11. Nf3 d6 12. Bb5 Bd7 13. Rhe1 a6 14. Rxe8+
Nxe8 15. Bxd7 Nxd7 16. Re1 f6 17. Bf4 Ne5 18. Nxe5 dxe5 19. Bg3 Nd6 20. f4 Bh6
21. b3 Bxf4+ 22. Bxf4 exf4 23. Re6 Ne8 24. Ne4 Kf7 25. Nxc5 Nc7 26. Rd6 Rc8 27.
Rd7+ Ke8 28. Rxh7 Ra8 29. Rxc7 1-0

[Event "AUTO-ADV-3858"]
[Site "http://www.queenalice.com/game.php?id=1483651"]
[Date "2017.6.24"]
[Round "1"]
[White "thw"]
[Black "edgarchiroleo"]
[Result "1-0"]
[WhiteElo "1855"]
[BlackElo "1764"]

1. e4 e5 2. Nf3 Nc6 3. Bb5 Nge7 4. O-O a6 5. Ba4 b5 6. Bb3 Bb7 7. Re1 d5 8. exd5
Nxd5 9. Nxe5 Nxe5 10. Rxe5+ Be7 11. Qe2 f6 12. Bxd5 Bxd5 13. Re3 Qd7 14. Nc3 Bc6
15. b3 Kf7 16. Bb2 Rhe8 17. Re1 Bc5 18. Qh5+ Kg8 19. Qxc5 Rxe3 20. Rxe3 Re8 21.
Rxe8+ Qxe8 22. Kf1 h5 23. Nd5 Bxd5 24. Qxd5+ Kh8 25. d3 Qg6 26. Qa8+ Kh7 27. Qe4
Qxe4 28. dxe4 Kg6 29. Ke2 Kg5 30. f3 h4 31. Ke3 g6 32. h3 c6 33. f4+ 1-0

[Event "AUTO-ADV-3858"]
[Site "http://www.queenalice.com/game.php?id=1483652"]
[Date "2017.6.24"]
[Round "1"]
[White "edgarchiroleo"]
[Black "chessplayer123"]
[Result "1/2-1/2"]
[WhiteElo "1740"]
[BlackElo "1823"]

1. e4 e5 2. Nc3 d6 3. Nf3 Nc6 4. Bb5 Bd7 5. d4 f6 6. d5 Nb8 7. O-O a6 8. Bxd7+
Nxd7 9. a3 Qe7 10. b4 h5 11. Be3 Nh6 12. Bxh6 Rxh6 13. b5 axb5 14. Nxb5 Nc5 15.
Qd2 g5 16. Qb4 Bg7 17. a4 b6 18. a5 bxa5 19. Rxa5 Rxa5 20. Qxa5 Kf7 21. Qxc7
Qxc7 22. Nxc7 Kg6 23. Ra1 Nxe4 24. Ra8 Rh8 25. Rxh8 Bxh8 26. Ne8 Kf7 27. Nc7 Bg7
28. Ne1 Bf8 29. Nd3 Ke7 30. f3 Nc3 31. Nb4 Kd7 32. Ne6 Be7 33. Kf2 Nxd5 34. Nxd5
Kxe6 35. c4 Bd8 36. Ke3 Ba5 37. h3 f5 38. g4 f4+ 39. Ke4 h4 40. Kd3 Bd8 41. Ke4
Ba5 42. Kd3 Bd8 43. Nb4 Ba5 44. Nc6 Bb6 45. Ke4 Bc7 46. Na7 Bb6 47. Nc8 Bc7 48.
Na7 Bb6 49. Nc8 1/2-1/2

[Event "AUTO-ADV-3858"]
[Site "http://www.queenalice.com/game.php?id=1483653"]
[Date "2017.6.24"]
[Round "1"]
[White "chessplayer123"]
[Black "edgarchiroleo"]
[Result "1-0"]
[WhiteElo "1817"]
[BlackElo "1753"]

1. e4 e5 2. Nf3 Nc6 3. Bc4 h6 4. d4 d6 5. dxe5 dxe5 6. Qxd8+ Nxd8 7. Nxe5 Be6 8.
Bd3 Bd6 9. Nf3 Nc6 10. a3 O-O-O 11. Nc3 a6 12. Be3 Bg4 13. O-O-O Bxf3 14. gxf3
Ne5 15. Be2 Nf6 16. f4 Neg4 17. e5 h5 18. exd6 cxd6 19. h3 Nxe3 20. fxe3 Rde8
21. Rd3 d5 22. Nxd5 Nxd5 23. Rxd5 Rxe3 24. Bc4 Rhe8 25. Rxh5 f6 26. f5 b5 27.
Bd3 R8e5 28. b3 Kd7 29. Rd1 Ke7 30. Kb2 Kf7 31. a4 Kg8 32. axb5 axb5 33. Ra1 g6
34. Ra8+ Kg7 35. Rhh8 gxf5 36. Rh4 Rf3 37. Rb8 Rf2 38. Rxb5 Rxb5 39. Bxb5 f4 40.
Bd3 f3 41. Rf4 Kf7 42. b4 1-0

[Event "AUTO-ADV-3858"]
[Site "http://www.queenalice.com/game.php?id=1483654"]
[Date "2017.6.24"]
[Round "1"]
[White "edgarchiroleo"]
[Black "worldwide"]
[Result "0-1"]
[WhiteElo "1771"]
[BlackElo "1953"]

1. e4 e5 2. Nf3 d6 3. d4 exd4 4. Qxd4 Nc6 5. Bb5 Bd7 6. Bxc6 Bxc6 7. Qc4 f6 8.
O-O d5 9. exd5 Bxd5 10. Re1+ Be7 11. Qh4 Bxf3 12. gxf3 Qd5 13. Qe4 Qxe4 14. Rxe4
O-O-O 15. Nc3 Bd6 16. b3 Be5 17. Bb2 Ne7 18. Na4 Bxb2 19. Nxb2 Nd5 20. Rae1 g5
21. c4 Nf4 22. Re7 h5 23. Rf7 Rde8 24. Kf1 Rxe1+ 25. Kxe1 Re8+ 26. Kf1 Re2 27.
Na4 Rxa2 0-1

[Event "AUTO-ADV-3858"]
[Site "http://www.queenalice.com/game.php?id=1483655"]
[Date "2017.6.24"]
[Round "1"]
[White "worldwide"]
[Black "edgarchiroleo"]
[Result "1-0"]
[WhiteElo "1943"]
[BlackElo "1781"]

1. e4 e5 2. f4 exf4 3. Nf3 d5 4. exd5 Qxd5 5. Nc3 Qe6+ 6. Be2 Nc6 7. O-O Bc5+ 8.
Kh1 Nf6 9. Re1 O-O 10. d4 Rd8 11. Bd3 Qd6 12. dxc5 Qxc5 13. Bxf4 Ng4 14. Ne4 Qb4
15. b3 Bf5 16. Qd2 Qe7 17. Bg5 Qd7 18. Bxd8 Rxd8 19. Nc5 Qd5 20. Bxf5 g6 21.
Re8+ Kg7 22. Rxd8 Qxc5 23. Bxg4 Nxd8 24. Qd4+ Qxd4 25. Nxd4 1-0

[Event "Challenge"]
[Site "http://www.queenalice.com/game.php?id=1488596"]
[Date "2017.8.2"]
[Round "-"]
[White "avieytoa"]
[Black "edgarchiroleo"]
[Result "1-0"]
[WhiteElo "1734"]
[BlackElo "1752"]

1. e4 e5 2. Nf3 Nc6 3. Bc4 h6 4. d3 Nf6 5. h3 d5 6. exd5 Nxd5 7. O-O Bf5 8. Qe2
Qd6 9. Bd2 Ndb4 10. Bc3 e4 11. dxe4 Bxh3 12. Re1 Qg6 13. Nh4 Be7 14. Nxg6 1-0

[Event "Challenge"]
[Site "http://www.queenalice.com/game.php?id=1488597"]
[Date "2017.8.2"]
[Round "-"]
[White "edgarchiroleo"]
[Black "avieytoa"]
[Result "1-0"]
[WhiteElo "1735"]
[BlackElo "1740"]

1. e4 e5 2. Nc3 Nc6 3. Nf3 Nf6 4. d4 d6 5. d5 Ne7 6. Bg5 Neg8 7. Qd2 h6 8. Bxf6
Nxf6 9. O-O-O a6 10. h3 Be7 11. g4 Bd7 12. g5 Nh5 13. h4 Bg4 14. Be2 Nf4 15. Ng1
Nxe2+ 16. Ngxe2 hxg5 17. Rdg1 Qd7 18. hxg5 Rxh1 19. Rxh1 O-O-O 20. Ng3 Bf3 21.
Rh7 Bf8 22. Nf5 g6 23. Nh4 Bh5 24. Qe3 Qg4 25. Rxf7 Qxh4 26. Qa7 Qxg5+ 27. f4
Qxf4+ 28. Rxf4 exf4 29. Qa8+ Kd7 30. Qxb7 f3 31. Qxa6 Bh6+ 32. Kb1 f2 33. Qf1
Rf8 34. a4 Be3 35. a5 Ba7 36. a6 g5 37. e5 dxe5 38. Ne4 g4 39. Nxf2 Rxf2 40.
Qb5+ Kd6 41. Qc6+ Ke7 42. Qxc7+ Kf6 43. Qxa7 Rf1+ 44. Ka2 Bf7 45. Qb6+ Kg5 46.
Qe3+ Kf6 47. Qh6+ Bg6 48. a7 g3 49. a8=Q 1-0

[Event "Challenge"]
[Site "http://www.queenalice.com/game.php?id=1489230"]
[Date "2017.8.8"]
[Round "-"]
[White "MADMIKE"]
[Black "edgarchiroleo"]
[Result "1-0"]
[WhiteElo "1874"]
[BlackElo "1751"]

1. d4 d5 2. Nc3 Nf6 3. Bf4 a6 4. h3 Nc6 5. e3 Bf5 6. a3 Qd7 7. Nf3 h6 8. Bd3
O-O-O 9. b4 Na7 10. a4 Re8 11. Ne5 Qe6 12. b5 a5 13. O-O g5 14. Bh2 Nd7 15. Bxf5
Qxf5 16. Nxd5 e6 17. Nc3 Bg7 18. Nxd7 Kxd7 19. e4 Qg6 20. e5 Kc8 21. Rb1 b6 22.
Re1 f5 23. d5 f4 24. Qf3 exd5 25. Qxd5 Qf5 26. Qa8+ Kd7 27. Rbd1+ Ke6 28. Qxa7
Rc8 29. Qb7 Kf7 30. Qd5+ Kg6 31. Qc6+ Kh7 32. Ne4 Rhf8 33. Rd7 Rf7 34. Rxf7 Qxf7
35. e6 Qf8 36. e7 Qf7 37. Nd2 Re8 38. Qxc7 Bf6 39. Qxb6 Bxe7 40. Qc6 Qh5 41. b6
Bb4 42. Qxe8 1-0

[Event "Challenge"]
[Site "http://www.queenalice.com/game.php?id=1489231"]
[Date "2017.8.8"]
[Round "-"]
[White "edgarchiroleo"]
[Black "MADMIKE"]
[Result "0-1"]
[WhiteElo "1740"]
[BlackElo "1868"]

1. e4 e5 2. Nf3 d6 3. Nc3 Nf6 4. d4 exd4 5. Qxd4 c5 6. Qa4+ Bd7 7. Bb5 a6 8.
Bxd7+ Nbxd7 9. O-O b5 10. Nxb5 axb5 11. Qxb5 Nxe4 12. Re1 d5 13. Ng5 Be7 14.
Nxe4 dxe4 15. Rxe4 O-O 16. Qe2 Bf6 17. c3 Qb8 18. g3 Qb7 19. Bf4 Nb6 20. Re1 Qd7
21. Rd1 Qc6 22. Be5 Bxe5 23. Rxe5 Nd7 24. Red5 Nf6 25. Rd6 Qb7 26. Qe5 c4 27.
Qc5 Ne4 28. Qb6 Qc8 29. Rc6 Qb8 30. Qd4 Nf6 31. Qxc4 Qxb2 32. Rdd6 Qc2 33. a4
Ne4 34. Rd4 Qxf2+ 35. Kh1 Qf3+ 36. Kg1 Nf6 37. Rf4 Qe3+ 38. Kg2 Nd7 39. Qb5 Ne5
40. Rc7 Nd3 41. Rf5 Qe4+ 42. Kh3 g6 43. Rf6 h5 44. Qd7 Ne5 45. Qb5 Rad8 46. Qb7
Qg4+ 47. Kg2 Rd2+ 48. Rf2 Rxf2+ 49. Kxf2 Qh3 50. Kg1 Qg4 51. a5 Rd8 52. Re7 Rd1+
53. Kg2 Rd2+ 0-1